| 000 | 00907nam a2200253Ia 4500 | ||
|---|---|---|---|
| 999 |
_c44302 _d44302 |
||
| 001 | 11060 | ||
| 003 | GE_BSU | ||
| 005 | 20221117115957.0 | ||
| 008 | 181216s2009en xx |||||||||||||| ||eng|| | ||
| 020 | _a9781439814659(pbk...alk.paper) x | ||
| 040 | _cGE_BSU | ||
| 041 | _aeng | ||
| 080 | _a378.1 A 18 | ||
| 100 |
_aBalzer,William k. _915887 |
||
| 245 |
_aLEAN HIGHER EDUCATION. _bIncreasing the Value and Performance of University Processes / _cGARCIA, CLAVDIA M, TERESA A. FLORES : EDITORS. |
||
| 264 |
_aNew York : _bCRC Press, _c2010. |
||
| 300 |
_a292 p.: _b25 cm. |
||
| 653 | _aLEAN HIGHER EDUCATION. | ||
| 653 | _aუმაღლესი განათლება. | ||
| 653 | _aტემპუსის პროექტით | ||
| 700 |
_aCLAVDIA M. GARCIA, _eრედაქტორი _915888 |
||
| 700 |
_aFLORES, TERESA A. _eრედაქტორი _915889 |
||
| 942 |
_cBK _2udc |
||